Poesía y prosa de guerra y otros textos olvidados / [por] Miguel Hernández ; recogidos por Juan Cano Ballesta y Robert Marrast

Guardat en:
Dades bibliogràfiques
Autor principal: Hernández, Miguel (autor)
Format: Llibre
Col·lecció:Libros hiperión ; 15
Matèries:
Etiquetes: Afegir etiqueta
Sense etiquetes, Sigues el primer a etiquetar aquest registre!

MARC

LEADER 00000nam^a2200000^u^4500
001 000538652
005 20250521000000.0
008 060220s1000^^^^^^^^^^^^r^^^^^000^0^spa^d
009 20260310131125.896
035 |a FMI 000005395 
037 |a Acervo Xavier Clavigero 
096 |a 9.1.2/2/B 
100 |a Hernández, Miguel  |e (autor) 
245 1 0 |a Poesía y prosa de guerra y otros textos olvidados / [por] Miguel Hernández ; recogidos por Juan Cano Ballesta y Robert Marrast 
264 |a Madrid ; Pamplona : Ayuso ; I. Peralta, 1977 
300 |a 180 p. 
336 |a texto  |b txt  |2 rdacontenido 
337 |a sin mediación  |b n  |2 rdamedio 
338 |a volumen  |b nc  |2 rdasoporte 
440 0 |a Libros hiperión ; 15 
649 |a XX 
650 |a POESIA 
910 |a Fondo Francisco Migoya Covarrubias S.J. 
920 |a Impresos - Libros 
930 |a Fondos Especiales 
905 |a 134 
901 |a SBC07714  |b IT2  |c ESP  |u 20250521 
902 |a https://opac.biblio.iteso.mx/vufind/Record/000538652